| 000 | 00429nam a2200181Ia 4500 | ||
|---|---|---|---|
| 008 | 230524s9999 xx 000 0 und d | ||
| 020 | _a812190417X | ||
| 082 |
_a620.4013 _bBRI |
||
| 100 | _aBrijlal | ||
| 245 | 0 | _aHeat and Thermodynamics | |
| 250 | _a1ST | ||
| 260 |
_aNEW DELHI _bS.Chand _c2005 |
||
| 300 | _aXV;508 | ||
| 500 | _aQuantity Number: 5 | ||
| 650 | _aThermodynamics | ||
| 700 | _a N.Subramnyam | ||
| 942 | _cBK | ||
| 999 |
_c14124 _d14124 |
||